00434 a2200145 4500020001200000050002200012100002900034245007800063264004300141300001700184500000900201504003100210650002200241650002500263 a081931100aE 185.92 LEV 19681 aLevy, Charles J.eauthor10aVoluntary servitude; whites in the Negro movement/c[by] Charles J. Levy. aNew York :bMeredith Corporationc1968 axi, 125 p. : aText aBibliographical footnotes. 0aAfrican Americans 0aCivil rights workers